|
|
|
|
| LEADER |
00000nab a2200000 a 4500 |
| 001 |
vtls000455023 |
| 003 |
SK-MaSNL |
| 005 |
20260304010845.0 |
| 008 |
240425c1992 xo 0 slo |
| 015 |
|
|
|a SNBRB19rr/mm-uuuuu
|
| 035 |
|
|
|a CL0455154
|
| 040 |
|
|
|a SNKBUCL
|b slo
|c SNKBUCL
|e AACR2
|
| 041 |
1 |
|
|a slo
|h fre
|
| 044 |
|
|
|a xo
|c SK
|
| 080 |
|
|
|a 840-1
|2 1981
|
| 100 |
1 |
|
|a Fargue, León-Paul
|4 aut
|9 387768
|
| 245 |
1 |
0 |
|a Aeternae memoriae patris
|c León-Paul Fargue ; preklad Michal Bartko
|
| 655 |
|
7 |
|a francúzska poézia
|2 snkbucl
|9 70610
|
| 655 |
|
7 |
|a lyrická poézia
|2 snkbucl
|9 70613
|
| 655 |
|
7 |
|a články z novín a časopisov
|2 snkbucl
|9 267496
|
| 655 |
|
7 |
|a články z odboru literárna veda a krásna literatúra
|2 snkbucl
|9 770045
|
| 700 |
1 |
|
|a Bartko, Michal,
|d 1923-2008
|4 trl
|9 131593
|
| 740 |
0 |
2 |
|a Len jediná bytosť odišla a prázdny je svet-
|
| 740 |
0 |
2 |
|a Nokturno
|
| 740 |
0 |
2 |
|a Úplazy
|
| 773 |
0 |
|
|t Literárny týždenník
|g Roč. 5, č. 10 (1992), s. 9
|
| 850 |
|
|
|a Slovenská národná knižnica
|
| 852 |
|
|
|a Slovenská národná knižnica
|
| 958 |
|
|
|a RK
|
| 958 |
|
|
|a LX
|
| 999 |
|
|
|c 2563321
|d 2565251
|